000 00779nam a22002417a 4500
001 00260
003 DO-SdBNP
005 20180223103945.0
008 151214b 1999 sp xxu||||| |||| 00| 0 spa d
020 _a8431633247
040 _aBPMSU
_bspa
_cBPMSU
100 _aMontes, Maria Pilar
245 1 0 _aEl arca de los cuentos 5 :
_beducación primaria : tercer ciclo /
_cMª Pilar Montes, Mª de la Paz Soler ; ilustración Susana Campillo ... [et al.]
250 _a1ª ed., 5ª reimp.
260 _aBarcelona :
_bVicens Vives,
_c1999.
300 _a173 p. :
_bil. ;
_c27 cm.
700 _a Soler, Mª de la Paz
700 _aCampillo, Susana
_eil.
910 _a00260
942 _2ddc
_cBK
945 _aInventariado, 2018/MFF
956 _aLorenza Pérez
_b10
999 _c9113
_d9113